MESTSKÁ KNIŽNICA GIRALTOVCE  - online katalóg 

Průvodce kariérou pro školy : (Record no. 23965)

000 -NÁVESTIE
fixed length control field 02119nam a2200553 a 4500
001 - EVIDENČNÉ ČÍSLO ZÁZNAMU - Kontrolné číslo
control field nkc20132447125
005 - DÁTUM A ČAS POSLEDNEJ TRANSAKCIE
control field 20251024075357.0
007 - POLE PEVNEJ DĹŽKY PRE FYZICKÝ POPIS – VŠEOBECNE
fixed length control field ta
008 - ÚDAJE S PEVNOU DĹŽKOU – VŠEOBECNÉ INFORMÁCIE
fixed length control field 130315s2012 xr a e f 000 0 cze
020 ## - MEDZINÁRODNÉ ŠTANDARDNÉ ČÍSLO KNIHY (ISBN)
Medzinárodné štandardné číslo knihy (ISBN) 9788087335406
Qualifying information (brož.)
035 ## - Iný štandardný identifikátor
Iný štandardný identifikátor (OCoLC)842345321
040 ## - ZDROJ KATALOGIZÁCIE
Pôvodná katalogizujúca agentúra OLA001
Jazyk katalogizácie cze
Modifikujúca agentúra ABA001
Prepisujúca agentúra sk
041 1# - KÓD JAZYKA
Kód jazyka textu/zvukovej stopy alebo samostatných nápisov cze
Kód jazyka originálu a/alebo sprostredkujúcich prekladov textu eng
072 #7 - KÓD PREDMETOVEJ KATEGÓRIE
Kód predmetovej kategórie 331
Pododdiel kódu predmetovej kategórie Práce
Zdroj Konspekt
080 ## - ČÍSLO MEDZINÁRODNÉHO DESATINNÉHO TRIEDENIA (MDT)
Číslo Medzinárodného desatinného triedenia (MDT) 331.548
Identifikátor vydania MRF
080 ## - ČÍSLO MEDZINÁRODNÉHO DESATINNÉHO TRIEDENIA (MDT)
Číslo Medzinárodného desatinného triedenia (MDT) 331.54
Identifikátor vydania MRF
080 ## - ČÍSLO MEDZINÁRODNÉHO DESATINNÉHO TRIEDENIA (MDT)
Číslo Medzinárodného desatinného triedenia (MDT) 159.923.5
Identifikátor vydania MRF
080 ## - ČÍSLO MEDZINÁRODNÉHO DESATINNÉHO TRIEDENIA (MDT)
Číslo Medzinárodného desatinného triedenia (MDT) 005.966
Identifikátor vydania MRF
080 ## - ČÍSLO MEDZINÁRODNÉHO DESATINNÉHO TRIEDENIA (MDT)
Číslo Medzinárodného desatinného triedenia (MDT) 373.3
Identifikátor vydania MRF
080 ## - ČÍSLO MEDZINÁRODNÉHO DESATINNÉHO TRIEDENIA (MDT)
Číslo Medzinárodného desatinného triedenia (MDT) 373.5/.6+377.1/.3
Identifikátor vydania MRF
080 ## - ČÍSLO MEDZINÁRODNÉHO DESATINNÉHO TRIEDENIA (MDT)
Číslo Medzinárodného desatinného triedenia (MDT) (4)
Identifikátor vydania MRF
080 ## - ČÍSLO MEDZINÁRODNÉHO DESATINNÉHO TRIEDENIA (MDT)
Číslo Medzinárodného desatinného triedenia (MDT) (072)
Identifikátor vydania MRF
080 ## - ČÍSLO MEDZINÁRODNÉHO DESATINNÉHO TRIEDENIA (MDT)
Číslo Medzinárodného desatinného triedenia (MDT) (048.8)
Identifikátor vydania MRF
245 00 - NÁZOV
Názov Průvodce kariérou pro školy :
Zvyšok názvu zpráva o efektivním kariérovém poradenství /
Údaj o zodpovednosti atď. [editor Nora Gikopoulou ; překlad Monika Mrňávková, Filip Pýcha, Silvie Pýchová]
246 30 - INÁ FORMA NÁZVU
Hlavný názov/skrátený názov Zpráva o efektivním kariérovém poradenství
260 ## - VYDAVATEĽSKÉ ÚDAJE, DISTRIBÚCIA ATĎ.
Miesto publikovania, distribúcie atď. Praha :
Názov vydavateľa, distibútora atď. Dům zahraničních služeb pro Centrum Euroguidance,
Dátum publikovania, distribúcie atď. 2012
300 ## - FYZICKÝ POPIS
Rozsah 195 s. :
Ďalšie fyzické detaily il. (převážně barev.) ;
Rozmery 25 cm
500 ## - VŠEOBECNÁ POZNÁMKA
Formátovaná poznámka o obsahu Přeloženo z angličtiny
650 07 - PRIDANÝ VSTUP – PREDMET – TEMATICKÉ HESLO
Tematické heslo alebo geografický názov ako vstupný prvok profesní poradenství
Geografický pododdiel Evropa
Zdroj hesla alebo termínu czenas
-- 5054
650 07 - PRIDANÝ VSTUP – PREDMET – TEMATICKÉ HESLO
Tematické heslo alebo geografický názov ako vstupný prvok volba povolání
Zdroj hesla alebo termínu czenas
-- 5055
650 07 - PRIDANÝ VSTUP – PREDMET – TEMATICKÉ HESLO
Tematické heslo alebo geografický názov ako vstupný prvok rozvoj osobnosti
Zdroj hesla alebo termínu czenas
-- 1641
650 07 - PRIDANÝ VSTUP – PREDMET – TEMATICKÉ HESLO
Tematické heslo alebo geografický názov ako vstupný prvok rozvoj kariéry
Zdroj hesla alebo termínu czenas
-- 5056
650 07 - PRIDANÝ VSTUP – PREDMET – TEMATICKÉ HESLO
Tematické heslo alebo geografický názov ako vstupný prvok základní školy
Zdroj hesla alebo termínu czenas
-- 5057
650 07 - PRIDANÝ VSTUP – PREDMET – TEMATICKÉ HESLO
Tematické heslo alebo geografický názov ako vstupný prvok střední školy
Zdroj hesla alebo termínu czenas
-- 5058
650 09 - PRIDANÝ VSTUP – PREDMET – TEMATICKÉ HESLO
Tematické heslo alebo geografický názov ako vstupný prvok vocational counseling
Geografický pododdiel Europe
Zdroj hesla alebo termínu eczenas
-- 5059
650 09 - PRIDANÝ VSTUP – PREDMET – TEMATICKÉ HESLO
Tematické heslo alebo geografický názov ako vstupný prvok vocational guidance
Zdroj hesla alebo termínu eczenas
-- 5060
650 09 - PRIDANÝ VSTUP – PREDMET – TEMATICKÉ HESLO
Tematické heslo alebo geografický názov ako vstupný prvok personality development
Zdroj hesla alebo termínu eczenas
-- 1644
650 09 - PRIDANÝ VSTUP – PREDMET – TEMATICKÉ HESLO
Tematické heslo alebo geografický názov ako vstupný prvok career development
Zdroj hesla alebo termínu eczenas
-- 5061
650 09 - PRIDANÝ VSTUP – PREDMET – TEMATICKÉ HESLO
Tematické heslo alebo geografický názov ako vstupný prvok elementary schools
Zdroj hesla alebo termínu eczenas
-- 5062
650 09 - PRIDANÝ VSTUP – PREDMET – TEMATICKÉ HESLO
Tematické heslo alebo geografický názov ako vstupný prvok secondary schools
Zdroj hesla alebo termínu eczenas
-- 5063
655 #7 - INDEXAČNÝ TERMÍN – ŽÁNER/FORMA
Údaje o žánri/forme alebo termín, ktorý je prvok fazety metodické příručky
Zdroj termínu czenas
-- 3074
655 #7 - INDEXAČNÝ TERMÍN – ŽÁNER/FORMA
Údaje o žánri/forme alebo termín, ktorý je prvok fazety srovnávací studie
Zdroj termínu czenas
-- 5064
655 #9 - INDEXAČNÝ TERMÍN – ŽÁNER/FORMA
Údaje o žánri/forme alebo termín, ktorý je prvok fazety methodological manuals
Zdroj termínu eczenas
-- 4813
655 #9 - INDEXAČNÝ TERMÍN – ŽÁNER/FORMA
Údaje o žánri/forme alebo termín, ktorý je prvok fazety comparative studies
Zdroj termínu eczenas
-- 5065
700 1# - PRIDANÝ VSTUP – OSOBNÉ MENO
Osobné meno Gikopoulou, Nora
Kód roly edt
-- 5066
710 2# - PRIDANÝ VSTUP – KORPORATÍVNE MENO
Korporatívne meno alebo meno jurisdikcie ako vstupný prvok Euroguidance (síť informačních center)
-- 5067
765 0# - VÄZBA NA PÔVODNÝ JAZYK
Názov Career guide for schools. Report on effective career guidance
765 1# - VÄZBA NA PÔVODNÝ JAZYK
Názov Report on effective career guidance
Holdings
Stav stiahnutia (Blokovanie) (Withrawn status) Stav straty Zdroj klasifikácie pre skladovanie Stav poškodenia (Damaged status) Nie pre výpožičky (Not for loan) Spôsob nadobudnutia (Collection code) Trvalé umiestnenie Aktuálne umiestnenie Dátum nadobudnutia Inventárne číslo (prírastkové číslo) Full call number Čiarový kód Dátum posledného výskytu Cena s účinnosťou od Typ jednotky Koha
          Dar Mestská knižnica Giraltovce Mestská knižnica Giraltovce 2025-10-24 22321 S1593 S1593 2025-10-24 2025-10-24 Odborná literatúra pre dospelých

Powered by Koha